|
|
|
|
| LEADER |
00814cam a2200217 7i4500 |
| 001 |
0000008666 |
| 005 |
20160803090000.0 |
| 020 |
|
|
|a 8124200432
|
| 090 |
0 |
0 |
|a Q121
|b .E59 1998
|
| 245 |
0 |
0 |
|a Encyclopaedia of science and technology
|c Dr. R.P. Jain, editor in chief ; editors, V.K. Gandhi ... [et al.].
|
| 260 |
|
|
|a New Delhi:
|b Crest Publishing House,
|c 1998.
|
| 300 |
|
|
|a 5 v. (various pagings);
|c 22 cm.
|
| 650 |
0 |
0 |
|a Science
|
| 650 |
0 |
0 |
|a Technology
|
| 700 |
1 |
|
|a Jain, R. P.
|
| 700 |
1 |
|
|a Gandhi, V. K.
|
| 999 |
|
|
|a 0000009045
|b BOK
|c REFERENCE
|e 2nd Floor, Shah Alam
|
| 999 |
|
|
|a 0000012288
|b BOK
|c REFERENCE
|e 2nd Floor, Shah Alam
|
| 999 |
|
|
|a 0000012289
|b BOK
|c REFERENCE
|e 2nd Floor, Shah Alam
|
| 999 |
|
|
|a 0000012290
|b BOK
|c REFERENCE
|e 2nd Floor, Shah Alam
|
| 999 |
|
|
|a 0000012291
|b BOK
|c REFERENCE
|e 2nd Floor, Shah Alam
|